000 00298nam a2200133Ia 4500
008 230917s9999||||xx |||||||||||||| ||und||
040 _e129323
_aMAIN
041 _aEnglish
082 _a811.4 F929P
100 _aFrost, Robert
245 0 _aPoetry and prase
300 _a478p. p.
942 _cBK
999 _c185407
_d185407